6 letter word chain - Statistics

General Stats
  • This quiz has been taken 54 times
  • The average score is 13 of 15
Answer Stats
Hint Answer % Correct
10 + 20 = Thirty
100%
Female sibling Sister
98%
Sunflower colour Yellow
98%
Racket sport Tennis
96%
Educating place School
94%
Inked skin Tattoo
94%
Magical person Wizard
94%
Not top Bottom
92%
Opposite to lighter Darker
90%
Attracted to metal Magnet
88%
Long eared animal Rabbit
87%
Cause, explanation Reason
81%
Thing Object
75%
Almost Nearly
73%
Boats Yachts
67%
No matching quizzes found
Score Distribution
Percent of People with Each Score
Percentile by Number Answered
Your Score History
You have not taken this quiz